[Event "119th Scottish Championship"]
[Site "Glasgow"]
[Date "2012.07.09"]
[Round "3"]
[White "Eggink, Gerhard"]
[Black "Brown, Martin"]
[Result "0-1"]
[WhiteElo "1965"]
[BlackElo "2224"]
[PlyCount "72"]
[EventDate "2012.07.07"]
[EventType "swiss"]
[EventRounds "9"]
[EventCountry "SCO"]
[Source "Chess Scotland"]
[SourceDate "2012.07.24"]

1. d4 Nf6 2. c4 g6 3. Nc3 d5 4. Nf3 Bg7 5. g3 O-O 6. Bg2 dxc4 7. O-O Nc6 8. e4
Bg4 9. Be3 Ne8 10. Ne2 e5 11. d5 Ne7 12. Qc2 Nd6 13. Bc5 Rc8 14. Nxe5 Bxe2 15.
Qxe2 Bxe5 16. f4 Bg7 17. e5 Ndf5 18. Qxc4 b6 19. Bf2 h5 20. Rad1 a5 21. Rfe1
Nh6 22. Qb3 Nef5 23. d6 c5 24. Bb7 Rb8 25. Bc6 Ng4 26. Bd5 Nxf2 27. Kxf2 Nd4
28. Qc4 Qe8 29. Bxf7+ Rxf7 30. e6 Rf5 31. e7+ Kh7 32. Re6 Qd7 33. Rde1 b5 34.
e8=Q Rxe8 35. Rxe8 bxc4 36. R1e7 Qxd6 0-1

[Event "119th Scottish Championship"]
[Site "Glasgow"]
[Date "2012.07.09"]
[Round "3"]
[White "Emery, Keith"]
[Black "Lindner, Daniel"]
[Result "1/2-1/2"]
[WhiteElo "1955"]
[BlackElo "2198"]
[PlyCount "120"]
[EventDate "2012.07.07"]
[EventType "swiss"]
[EventRounds "9"]
[EventCountry "SCO"]
[Source "Chess Scotland"]
[SourceDate "2012.07.24"]

1. e4 c5 2. Nf3 d6 3. Bb5+ Nd7 4. b3 Ngf6 5. e5 dxe5 6. Nxe5 e6 7. Qf3 Bd6 8.
Bxd7+ Bxd7 9. Nxd7 Qxd7 10. Bb2 Be7 11. Nc3 O-O 12. Ne4 Nxe4 13. Qxe4 Rfd8 14.
O-O-O Rac8 15. Qg4 f6 16. Rhe1 e5 17. Qxd7 Rxd7 18. d3 Rcd8 19. Bc3 Kf7 20. f3
Bd6 21. Re4 b5 22. a4 a6 23. Kd2 Ra7 24. axb5 axb5 25. Ree1 Rda8 26. Ra1 Rxa1
27. Rxa1 Rxa1 28. Bxa1 b4 29. h3 Ke6 30. Bb2 Kd5 31. Ke2 f5 32. g4 g6 33. Ke3
Bc7 34. Kf2 Bd8 35. c4+ bxc3 36. Bxc3 Bg5 37. Ke2 Bf4 38. Ba5 Kd4 39. Bb6 Kd5
40. Ba5 Bc1 41. Bc3 Ba3 42. Ke3 Bc1+ 43. Ke2 Bg5 44. Bb2 Bd8 45. Bc3 Bc7 46.
Ke3 Bb6 47. Ke2 fxg4 48. hxg4 h5 49. gxh5 gxh5 50. Kf1 Ke6 51. Kg2 Kf5 52. Bd2
Bd8 53. Kh3 Bg5 54. Ba5 Be3 55. Kg3 h4+ 56. Kxh4 Kf4 57. b4 cxb4 58. Bxb4 Kxf3
59. Bd6 Bd4 60. Bxe5 Bxe5 1/2-1/2

[Event "119th Scottish Championship"]
[Site "Glasgow"]
[Date "2012.07.09"]
[Round "3"]
[White "Nepveu, Manuel"]
[Black "Villwock, Martin"]
[Result "0-1"]
[WhiteElo "1955"]
[BlackElo "2176"]
[PlyCount "36"]
[EventDate "2012.07.07"]
[EventType "swiss"]
[EventRounds "9"]
[EventCountry "SCO"]
[Source "Chess Scotland"]
[SourceDate "2012.07.24"]

1. Nf3 c5 2. g3 Nc6 3. d4 cxd4 4. Nxd4 Qb6 5. Nb3 Nf6 6. Bg2 d5 7. O-O Bf5 8.
c3 Rd8 9. Be3 Qc7 10. Nd4 Bd7 11. Nb5 Qb8 12. a4 h6 13. Nd2 e5 14. Nb3 Be7 15.
Nc5 Bf5 16. h3 a6 17. Na3 d4 18. cxd4 Bxc5 0-1

[Event "119th Scottish Championship"]
[Site "Glasgow"]
[Date "2012.07.09"]
[Round "3"]
[White "Herbold, Manfred"]
[Black "Kelly, J Steven"]
[Result "1-0"]
[WhiteElo "2143"]
[BlackElo "1889"]
[PlyCount "57"]
[EventDate "2012.07.07"]
[EventType "swiss"]
[EventRounds "9"]
[EventCountry "SCO"]
[Source "Chess Scotland"]
[SourceDate "2012.07.24"]

1. e4 c6 2. d4 d5 3. exd5 cxd5 4. Bd3 Nc6 5. c3 Nf6 6. Bf4 Bg4 7. Qb3 Qd7 8.
Nd2 e6 9. Ngf3 Bxf3 10. Nxf3 Bd6 11. Bxd6 Qxd6 12. O-O O-O 13. Rae1 Na5 14. Qc2
Qf4 15. Ne5 Nc6 16. g3 Qh6 17. f4 g6 18. Qg2 Rad8 19. g4 Qg7 20. Rf3 Nd7 21. g5
Ndxe5 22. fxe5 Ne7 23. Rh3 Nf5 24. Bxf5 gxf5 25. Rh6 f4 26. Rf1 Kh8 27. Rxf4
Qxh6 28. gxh6 Rg8 29. Rxf7 1-0

[Event "119th Scottish Championship"]
[Site "Glasgow"]
[Date "2012.07.09"]
[Round "3"]
[White "Mitchell, Robert"]
[Black "Mirza, Diana"]
[Result "1-0"]
[WhiteElo "2125"]
[BlackElo "1668"]
[PlyCount "71"]
[EventDate "2012.07.07"]
[EventType "swiss"]
[EventRounds "9"]
[EventCountry "SCO"]
[Source "Chess Scotland"]
[SourceDate "2012.07.24"]

1. e4 c5 2. Nc3 e6 3. Nf3 Nc6 4. Bb5 a6 5. Bxc6 bxc6 6. e5 Ne7 7. Ne4 Ng6 8. d4
cxd4 9. Qxd4 Qa5+ 10. Bd2 Qd5 11. Be3 Be7 12. c4 Bb4+ 13. Kf1 Qxd4 14. Bxd4 O-O
15. c5 Nf4 16. g3 Nd5 17. Kg2 Ba5 18. Nd6 Bd8 19. Rhd1 f6 20. h4 a5 21. h5 Ba6
22. Rd2 a4 23. h6 g6 24. exf6 Nxf6 25. Bxf6 Rxf6 26. Ne4 Rf5 27. Rxd7 Rd5 28.
Rg7+ Kh8 29. Nd6 Rxd6 30. cxd6 Bf6 31. Rc7 Bxb2 32. Re1 Re8 33. Ng5 Bc3 34. d7
Rf8 35. Rxe6 Bd4 36. Re8 1-0

[Event "119th Scottish Championship"]
[Site "Glasgow"]
[Date "2012.07.09"]
[Round "3"]
[White "McGowan, Daniel"]
[Black "Einarsson, Oskar Long"]
[Result "1-0"]
[WhiteElo "2101"]
[BlackElo "1587"]
[PlyCount "61"]
[EventDate "2012.07.07"]
[EventType "swiss"]
[EventRounds "9"]
[EventCountry "SCO"]
[Source "Chess Scotland"]
[SourceDate "2012.07.24"]

1. e4 c5 2. Nf3 d6 3. c3 Nf6 4. h3 Nc6 5. Bd3 g6 6. Bc2 Bg7 7. d3 b5 8. O-O O-O
9. Re1 Qc7 10. d4 cxd4 11. cxd4 e6 12. Nc3 a6 13. Be3 Bb7 14. Rc1 Rac8 15. Bb1
Qd7 16. b3 Ne7 17. Bf4 Nh5 18. Bh2 Rc7 19. Ne2 Rxc1 20. Qxc1 Rc8 21. Qe3 Nf6
22. Qf4 Ne8 23. Bg3 d5 24. e5 f6 25. exf6 Nxf6 26. Ne5 Qe8 27. Bh4 Nd7 28. Ng4
Qf8 29. Qd6 Nf6 30. Qxe6+ Qf7 31. Nxf6+ 1-0

[Event "119th Scottish Championship"]
[Site "Glasgow"]
[Date "2012.07.09"]
[Round "3"]
[White "Rutherford, Elaine"]
[Black "McCusker, Andrew"]
[Result "1-0"]
[WhiteElo "2091"]
[BlackElo "1217"]
[PlyCount "33"]
[EventDate "2012.07.07"]
[EventType "swiss"]
[EventRounds "9"]
[EventCountry "SCO"]
[Source "Chess Scotland"]
[SourceDate "2012.07.24"]

1. d4 d5 2. Nf3 Nf6 3. c4 c6 4. Qc2 Bg4 5. Ne5 Be6 6. cxd5 Bxd5 7. Nc3 Nbd7 8.
e4 Be6 9. f4 Nb6 10. Be3 Bc8 11. d5 cxd5 12. Nb5 Nc4 13. Bxc4 Bd7 14. exd5 Rc8
15. d6 exd6 16. Nxd7 Nxd7 17. Qe4+ 1-0

[Event "119th Scottish Championship"]
[Site "Glasgow"]
[Date "2012.07.09"]
[Round "3"]
[White "Dawson, Alastair"]
[Black "Borwell, Alan P"]
[Result "1/2-1/2"]
[WhiteElo "1891"]
[BlackElo "2078"]
[PlyCount "32"]
[EventDate "2012.07.07"]
[EventType "swiss"]
[EventRounds "9"]
[EventCountry "SCO"]
[Source "Chess Scotland"]
[SourceDate "2012.07.24"]

1. d4 Nf6 2. Nf3 b6 3. g3 Bb7 4. Bg2 e6 5. O-O Be7 6. c4 O-O 7. Nc3 Ne4 8. Nxe4
Bxe4 9. Nh4 Bxg2 10. Nxg2 d6 11. e4 Nd7 12. Be3 e5 13. Qc2 exd4 14. Bxd4 Bf6
15. Rad1 Bxd4 16. Rxd4 Qf6 1/2-1/2

[Event "119th Scottish Championship"]
[Site "Glasgow"]
[Date "2012.07.09"]
[Round "3"]
[White "Doyle, James"]
[Black "Grant, Alan G"]
[Result "0-1"]
[WhiteElo "2020"]
[BlackElo "2155"]
[PlyCount "78"]
[EventDate "2012.07.07"]
[EventType "swiss"]
[EventRounds "9"]
[EventCountry "SCO"]
[Source "Chess Scotland"]
[SourceDate "2012.07.24"]

1. d4 Nf6 2. c4 e6 3. Nc3 Bb4 4. e3 Ne4 5. Qc2 f5 6. Bd3 O-O 7. Nge2 b6 8. f3
Bxc3+ 9. bxc3 Nd6 10. O-O c5 11. Ba3 Na6 12. e4 Bb7 13. e5 Nf7 14. f4 d5 15.
dxc5 Nxc5 16. Nd4 Re8 17. Be2 Rc8 18. cxd5 Bxd5 19. Bb5 Re7 20. Rad1 Qc7 21.
Nxf5 exf5 22. Rxd5 Nd8 23. Qxf5 Nde6 24. Rfd1 Rf8 25. Qc2 Nxf4 26. Bxc5 bxc5
27. Rd6 c4 28. R6d4 Qxe5 29. Bxc4+ Kh8 30. Qd2 h6 31. Rd8 Rxd8 32. Qxd8+ Re8
33. Qd4 Qg5 34. Bf1 Rf8 35. g3 Ne6 36. Qd2 Qc5+ 37. Kg2 Ng5 38. Qd4 Qc6+ 39.
Kg1 Nf3+ 0-1

[Event "119th Scottish Championship"]
[Site "Glasgow"]
[Date "2012.07.09"]
[Round "3"]
[White "Tate, Alan"]
[Black "McLatchie, J."]
[Result "1-0"]
[WhiteElo "2346"]
[BlackElo "1875"]
[PlyCount "52"]
[EventDate "2012.07.07"]
[EventType "swiss"]
[EventRounds "9"]
[EventCountry "SCO"]
[Source "Chess Scotland"]
[SourceDate "2012.07.24"]

1. e4 e5 2. Nf3 Nc6 3. Bb5 Nf6 4. d3 Bc5 5. O-O d6 6. c3 O-O 7. h3 h6 8. d4
exd4 9. cxd4 Bb6 10. Nc3 Ba5 11. d5 Ne5 12. Nxe5 dxe5 13. Bd2 Bd7 14. Bxd7 Nxd7
15. Rc1 a6 16. Na4 Bxd2 17. Qxd2 b5 18. Nc5 Nxc5 19. Rxc5 f5 20. exf5 Rxf5 21.
Qc2 Rf6 22. Qe4 Qf8 23. Rc6 Re8 24. Re1 a5 25. f4 Rd8 26. f5 Qf7 1-0

[Event "119th Scottish Championship"]
[Site "Glasgow"]
[Date "2012.07.09"]
[Round "3"]
[White "McGeoch, Kenny R"]
[Black "Berry, Neil"]
[Result "0-1"]
[WhiteElo "1846"]
[BlackElo "2254"]
[PlyCount "70"]
[EventDate "2012.07.07"]
[EventType "swiss"]
[EventRounds "9"]
[EventCountry "SCO"]
[Source "Chess Scotland"]
[SourceDate "2012.07.24"]

1. c4 e6 2. g3 d5 3. Bg2 Nf6 4. Nf3 dxc4 5. Na3 Bxa3 6. bxa3 b5 7. Ne5 Nd5 8.
d3 cxd3 9. Qxd3 O-O 10. Qxb5 Ba6 11. Qb3 c5 12. Qc2 Nd7 13. Nxd7 Qxd7 14. Qxc5
Rac8 15. Qd4 Rc2 16. Bf3 Qb5 17. Bd2 Nf6 18. O-O e5 19. Qb4 e4 20. Bg2 Qxe2 21.
Be3 Bd3 22. Rfe1 Qh5 23. Bxa7 Rfc8 24. Qb3 Ng4 25. h3 Ne5 26. g4 Qg6 27. Rad1
h5 28. Rxd3 exd3 29. Rxe5 hxg4 30. Be4 Rc1+ 31. Kh2 Qd6 32. Bd4 Qxd4 33. f4
gxh3 34. Kg3 Qd6 35. Rd5 h2 0-1

[Event "119th Scottish Championship"]
[Site "Glasgow"]
[Date "2012.07.09"]
[Round "3"]
[White "Rysbayeva, Aigerim"]
[Black "Brown, Allan D"]
[Result "1-0"]
[WhiteElo "2175"]
[BlackElo "1806"]
[PlyCount "85"]
[EventDate "2012.07.07"]
[EventType "swiss"]
[EventRounds "9"]
[EventCountry "SCO"]
[Source "Chess Scotland"]
[SourceDate "2012.07.24"]

1. e4 d6 2. d4 Nf6 3. Nc3 g6 4. Nf3 Bg7 5. Be2 c6 6. O-O Qc7 7. Re1 e5 8. h3
Nbd7 9. a4 O-O 10. Bg5 h6 11. Bh4 Re8 12. dxe5 dxe5 13. Bc4 Nb6 14. Ba2 Be6 15.
Qe2 g5 16. Bg3 Nh5 17. a5 Nxg3 18. fxg3 Bxa2 19. Rxa2 Nd7 20. Qc4 Qd6 21. b4
Bf8 22. Rb2 Qe6 23. Qxe6 Rxe6 24. g4 b5 25. Ne2 a6 26. Ng3 c5 27. Rd1 Nf6 28.
bxc5 Bxc5+ 29. Kf1 Bf8 30. Ne1 Rc8 31. Ke2 Ne8 32. Rd7 f6 33. Kf3 Rc3+ 34. Rd3
Rec6 35. Nf5 Nd6 36. Nxd6 Bxd6 37. Ra2 Kf7 38. Rxc3 Rxc3+ 39. Nd3 Ke6 40. Ke2
Rc4 41. Ke3 Kd7 42. Kf3 Kc6 43. Nc1 {Scoresheets illegible} 1-0

[Event "119th Scottish Championship"]
[Site "Glasgow"]
[Date "2012.07.09"]
[Round "3"]
[White "Spencer, Edwin A"]
[Black "Brown, Ken A"]
[Result "1-0"]
[WhiteElo "2145"]
[BlackElo "1773"]
[PlyCount "37"]
[EventDate "2012.07.07"]
[EventType "swiss"]
[EventRounds "9"]
[EventCountry "SCO"]
[Source "Chess Scotland"]
[SourceDate "2012.07.24"]

1. e4 e5 2. Nc3 Nf6 3. f4 d5 4. fxe5 Nxe4 5. Nf3 Bc5 6. d4 Bb4 7. Bd2 Nxd2 8.
Qxd2 O-O 9. Bd3 c5 10. dxc5 Nc6 11. a3 Bxc3 12. Qxc3 d4 13. Qd2 Bg4 14. O-O-O
Qe7 15. Rhe1 Qxc5 16. Qg5 Bxf3 17. gxf3 b5 18. Re4 b4 19. Rh4 1-0

[Event "119th Scottish Championship"]
[Site "Glasgow"]
[Date "2012.07.09"]
[Round "3"]
[White "McClement, Andrew"]
[Black "Durno, Joy"]
[Result "1-0"]
[WhiteElo "2075"]
[BlackElo "1729"]
[PlyCount "73"]
[EventDate "2012.07.07"]
[EventType "swiss"]
[EventRounds "9"]
[EventCountry "SCO"]
[Source "Chess Scotland"]
[SourceDate "2012.07.24"]

1. e4 c5 2. Nf3 e6 3. d4 cxd4 4. Nxd4 Nf6 5. Nc3 d6 6. Be3 a6 7. g4 h5 8. g5
Ng4 9. Bc1 Qb6 10. h3 Ne5 11. Nb3 Qc7 12. f4 Nc4 13. Qd4 b5 14. a4 Nc6 15. Qd3
bxa4 16. Nxa4 Nxb2 17. Bxb2 Nb4 18. Qc4 Nxc2+ 19. Kd2 Qxc4 20. Bxc4 Nxa1 21.
Rxa1 Rb8 22. Bd4 Rb4 23. Kc3 d5 24. exd5 exd5 25. Bxd5 Bxh3 26. Nac5 Rxd4 27.
Kxd4 Bxc5+ 28. Nxc5 O-O 29. g6 Rd8 30. Rxa6 Bg2 31. gxf7+ Kh7 32. Nd7 Bxd5 33.
f8=Q Rxf8 34. Nxf8+ Kg8 35. Kxd5 Kxf8 36. Ke6 Kg8 37. Kf5 1-0

[Event "119th Scottish Championship"]
[Site "Glasgow"]
[Date "2012.07.09"]
[Round "3"]
[White "James, Chris"]
[Black "Robinson, Stephen CE"]
[Result "1/2-1/2"]
[WhiteElo "2028"]
[BlackElo "1710"]
[PlyCount "91"]
[EventDate "2012.07.07"]
[EventType "swiss"]
[EventRounds "9"]
[EventCountry "SCO"]
[Source "Chess Scotland"]
[SourceDate "2012.07.24"]

1. e4 c5 2. Nf3 Nc6 3. d4 cxd4 4. Nxd4 Nf6 5. Nc3 d6 6. Be3 g6 7. f3 Bg7 8. Qd2
h5 9. Bc4 a6 10. O-O-O Ne5 11. Bb3 b5 12. h3 Nc4 13. Bxc4 bxc4 14. g4 Qa5 15.
g5 Nd7 16. f4 Bb7 17. Rhf1 O-O 18. f5 Qe5 19. fxg6 fxg6 20. Bf4 Qxd4 21. Qxd4
Bxd4 22. Rxd4 e5 23. Rxd6 exf4 24. Rxd7 Bc8 25. Rd6 Bxh3 26. Rxg6+ Kh7 27. Rh6+
Kg7 28. Rf2 Bg4 29. Nd5 f3 30. Kd2 Rh8 31. Rxh8 Rxh8 32. Nf4 Rb8 33. b3 cxb3
34. axb3 a5 35. Rh2 a4 36. bxa4 Ra8 37. Nxh5+ Kg6 38. Nf6 Kxg5 39. Nxg4 Kxg4
40. Ke3 Rxa4 41. Rh1 Ra3+ 42. Kf2 Rc3 43. Rc1 Kf4 44. e5 Kxe5 45. Kg3 Ke4 46.
Rf1 1/2-1/2

[Event "119th Scottish Championship"]
[Site "Glasgow"]
[Date "2012.07.09"]
[Round "3"]
[White "Karlsson, Mikael"]
[Black "Robertson, Jim"]
[Result "1-0"]
[WhiteElo "1929"]
[BlackElo "1696"]
[PlyCount "37"]
[EventDate "2012.07.07"]
[EventType "swiss"]
[EventRounds "9"]
[EventCountry "SCO"]
[Source "Chess Scotland"]
[SourceDate "2012.07.24"]

1. c4 e6 2. g3 d5 3. Bg2 f5 4. Nf3 Nf6 5. O-O c6 6. d4 Bd6 7. Nc3 Nbd7 8. Qc2
Ne4 9. Nxe4 fxe4 10. Ng5 Nf6 11. f3 h6 12. fxe4 e5 13. dxe5 Bc5+ 14. Kh1 hxg5
15. exf6 Qd6 16. e5 Qxe5 17. Qg6+ Kd8 18. fxg7 Rg8 19. Bxg5+ 1-0

[Event "119th Scottish Championship"]
[Site "Glasgow"]
[Date "2012.07.09"]
[Round "3"]
[White "Thomas, Phil"]
[Black "Sigurdsson, Birkir Karl"]
[Result "1-0"]
[WhiteElo "1900"]
[BlackElo "1709"]
[PlyCount "119"]
[EventDate "2012.07.07"]
[EventType "swiss"]
[EventRounds "9"]
[EventCountry "SCO"]
[Source "Chess Scotland"]
[SourceDate "2012.07.24"]

1. e4 e6 2. Nc3 d5 3. d3 Bb4 4. Bd2 c5 5. g3 Nc6 6. Bg2 Nge7 7. Nge2 O-O 8.
exd5 exd5 9. O-O Bg4 10. f3 Bf5 11. a3 Ba5 12. Re1 Bb6 13. Kh1 Qd7 14. Na4 Ng6
15. Nxb6 axb6 16. g4 Be6 17. Nf4 b5 18. h3 Rad8 19. Nxg6 fxg6 20. Bg5 Rde8 21.
Qd2 Nd4 22. Rf1 Bf7 23. Rae1 b6 24. c3 Nc6 25. Rxe8 Rxe8 26. Re1 Rxe1+ 27. Qxe1
d4 28. Qe2 c4 29. cxd4 Nxd4 30. Qe4 Ne6 31. Bd2 cxd3 32. Bf1 Nc5 33. Qa8+ Qe8
34. Qxe8+ Bxe8 35. Bb4 Bc6 36. Kg2 Ne6 37. Kf2 Nf4 38. Bd2 Ne6 39. Bxd3 Nc5 40.
Bc2 Kf7 41. Be3 Ke6 42. Bd4 Kf7 43. h4 Bd5 44. b4 Na6 45. g5 h6 46. Ke3 Be6 47.
Bd1 Bd5 48. Kf4 Bc4 49. Ke5 Ke7 50. Bc2 Bf7 51. Bd3 Be8 52. Kd5 Kf7 53. Kd6 Kf8
54. Be4 Bf7 55. Bc6 Bc4 56. Be5 Bf1 57. f4 Bd3 58. Kd7 Bf5+ 59. Kd8 Bd3 60. Bd5
1-0

[Event "119th Scottish Championship"]
[Site "Glasgow"]
[Date "2012.07.09"]
[Round "3"]
[White "Bea, Boglarka"]
[Black "Hardarson, Jon Trausti"]
[Result "1/2-1/2"]
[WhiteElo "2178"]
[BlackElo "1774"]
[PlyCount "46"]
[EventDate "2012.07.07"]
[EventType "swiss"]
[EventRounds "9"]
[EventCountry "SCO"]
[Source "Chess Scotland"]
[SourceDate "2012.07.24"]

1. e4 c5 2. Nf3 d6 3. d4 cxd4 4. Nxd4 Nf6 5. Nc3 g6 6. Be2 Bg7 7. Be3 O-O 8.
Qd2 Nc6 9. O-O-O Nxd4 10. Bxd4 Be6 11. f3 Qa5 12. Kb1 Rfc8 13. a3 Bc4 14. g4 b5
15. g5 Nd7 16. h4 Bxe2 17. Qxe2 Rxc3 18. bxc3 Qxa3 19. Qd2 Nb6 20. Bxg7 Nc4 21.
Qc1 Qa4 22. Bd4 Na3+ 23. Kb2 Nc4+ 1/2-1/2

[Event "119th Scottish Championship"]
[Site "Glasgow"]
[Date "2012.07.09"]
[Round "3"]
[White "Campbell, Eoin"]
[Black "Floros, Antonios"]
[Result "1-0"]
[WhiteElo "1868"]
[BlackElo "1780"]
[PlyCount "109"]
[EventDate "2012.07.07"]
[EventType "swiss"]
[EventRounds "9"]
[EventCountry "SCO"]
[Source "Chess Scotland"]
[SourceDate "2012.07.24"]

1. Nf3 d5 2. d4 Nf6 3. c4 dxc4 4. e3 e6 5. Bxc4 c5 6. O-O Be7 7. Qe2 O-O 8. Rd1
Qc7 9. Nc3 a6 10. a4 Nc6 11. d5 exd5 12. Nxd5 Nxd5 13. Bxd5 Bg4 14. Bd2 Bf6 15.
Bc3 Bxc3 16. bxc3 Rad8 17. Qc4 Ne5 18. Nxe5 Bxd1 19. Nxf7 Rxf7 20. Rxd1 Kh8 21.
Rb1 Rf6 22. g3 Rb6 23. Rxb6 Qxb6 24. Qe4 Qf6 25. c4 b6 26. Kg2 Qd6 27. Qh4 b5
28. Be4 h6 29. cxb5 axb5 30. axb5 c4 31. Qg4 Rf8 32. f4 c3 33. Kh3 Qc7 34. Qg6
Qd7+ 35. g4 Kg8 36. Qh7+ Kf7 37. Bg6+ Kf6 38. Bh5 Qe8 39. Qg6+ Ke7 40. Qxg7+
Kd6 41. Qe5+ Kd7 42. g5 Kd8 43. Bg4 Qf7 44. Qd5+ Ke7 45. Qc6 Kd8 46. b6 Qb7 47.
Qd6+ Ke8 48. Bh5+ Rf7 49. Qe6+ Kf8 50. Bxf7 Qf3+ 51. Kh4 hxg5+ 52. fxg5 Qf2+
53. Kh5 Qxh2+ 54. Kg6 Qb8 55. Qf6 1-0

[Event "119th Scottish Championship"]
[Site "Glasgow"]
[Date "2012.07.09"]
[Round "3"]
[White "Lees, Fraser A"]
[Black "Smith, Stephen H"]
[Result "1-0"]
[WhiteElo "1648"]
[BlackElo "1805"]
[PlyCount "101"]
[EventDate "2012.07.07"]
[EventType "swiss"]
[EventRounds "9"]
[EventCountry "SCO"]
[Source "Chess Scotland"]
[SourceDate "2012.07.24"]

1. e4 e6 2. d4 d5 3. e5 c5 4. c3 Nc6 5. Nf3 Qb6 6. a3 c4 7. g3 Bd7 8. Nbd2 Na5
9. Bh3 Be7 10. O-O O-O-O 11. Ne1 h5 12. f4 Nh6 13. Ndf3 g6 14. Qe2 Nb3 15. Rb1
Nf5 16. Bxf5 gxf5 17. h4 Rdg8 18. Kh2 Nxc1 19. Rxc1 Kb8 20. Ng5 f6 21. exf6
Bxf6 22. Nef3 Bxg5 23. fxg5 Qc7 24. Ne5 Be8 25. Rce1 a6 26. Rf4 b5 27. Nf3 Bd7
28. Ng1 Qd6 29. Nh3 Kc7 30. Rf3 Re8 31. Nf4 Kb8 32. Re3 a5 33. Nxh5 Rxh5 34.
Qxh5 f4 35. Re5 fxg3+ 36. Kxg3 Rf8 37. g6 Qe7 38. Qg5 Qg7 39. h5 Rf6 40. R5e3
Rf5 41. Qd8+ Kb7 42. Re5 Rf8 43. Qg5 Rf6 44. R1e3 Rf1 45. Kg2 Qf8 46. Qg3 Rb1
47. Qf2 Qh6 48. Rg3 Be8 49. Rgg5 Bxg6 50. Rxg6 Qc1 51. Qf7+ 1-0

[Event "119th Scottish Championship"]
[Site "Glasgow"]
[Date "2012.07.09"]
[Round "3"]
[White "Thomas, Daniel"]
[Black "Deary, Daniel"]
[Result "1-0"]
[WhiteElo "1793"]
[BlackElo "1269"]
[PlyCount "121"]
[EventDate "2012.07.07"]
[EventType "swiss"]
[EventRounds "9"]
[EventCountry "SCO"]
[Source "Chess Scotland"]
[SourceDate "2012.07.24"]

1. e4 c5 2. Nf3 d6 3. d4 cxd4 4. Nxd4 Nf6 5. Nc3 a6 6. Qe2 e6 7. g4 h6 8. Bg2
Qc7 9. O-O Nbd7 10. Nb3 e5 11. h3 b5 12. f4 Bb7 13. Be3 Be7 14. g5 Nh7 15. gxh6
gxh6 16. fxe5 dxe5 17. Qh5 Nhf6 18. Qf5 O-O-O 19. Nd5 Nxd5 20. exd5 f6 21. Rf2
Kb8 22. Rc1 Nb6 23. Bxb6 Qxb6 24. c4 bxc4 25. Rxc4 Bxd5 26. Bxd5 Rxd5 27. Kf1
Rhd8 28. Rfc2 Qd6 29. Rc8+ Kb7 30. R2c7+ Qxc7 31. Rxc7+ Kxc7 32. Qe6 R8d7 33.
Qxa6 e4 34. Qc4+ Kd8 35. Qxe4 f5 36. Qa4 Bf6 37. Qb4 Ke8 38. a4 Bxb2 39. a5 f4
40. a6 Bd4 41. Qb8+ Rd8 42. a7 Bxa7 43. Qxa7 Rd3 44. Qa4+ Ke7 45. Qe4+ Kf7 46.
Qxf4+ Kg7 47. Nc5 Rd1+ 48. Ke2 R8d5 49. Ne6+ Kg6 50. h4 Rd6 51. h5+ Kxh5 52.
Qf5+ Kh4 53. Nf4 Kg3 54. Qe5 Kg4 55. Qe4 R1d4 56. Qf3+ Kh4 57. Qh3+ Kg5 58.
Ne6+ Kg6 59. Nxd4 Rxd4 60. Qe6+ Kh7 61. Qf7+ 1-0

[Event "119th Scottish Championship"]
[Site "Glasgow"]
[Date "2012.07.09"]
[Round "3"]
[White "Will, Douglas"]
[Black "Buchanan, Walter F"]
[Result "1-0"]
[WhiteElo "1923"]
[BlackElo "2127"]
[PlyCount "69"]
[EventDate "2012.07.07"]
[EventType "swiss"]
[EventRounds "9"]
[EventCountry "SCO"]
[Source "Chess Scotland"]
[SourceDate "2012.07.24"]

1. e4 g6 2. Nc3 c6 3. Bc4 Bg7 4. d4 d5 5. exd5 b5 6. Bb3 b4 7. Nce2 cxd5 8. a3
bxa3 9. Rxa3 Nf6 10. Nf3 O-O 11. O-O Bg4 12. Ne5 Bxe2 13. Qxe2 Qb6 14. Rd1 e6
15. c4 Nc6 16. c5 Qc7 17. Nxc6 Qxc6 18. Bf4 Nd7 19. Ba4 Qc8 20. Bd6 Rd8 21. Rh3
Nb6 22. Bb5 a6 23. Be7 axb5 24. Bxd8 Qxd8 25. cxb6 Qxb6 26. Rhd3 Bf6 27. Qd2
Rc8 28. h4 Rc6 29. h5 Qc7 30. Ra3 Qb7 31. Rda1 Rc8 32. Qf4 Qe7 33. Ra8 Rd8 34.
R1a7 Rxa8 35. Rxa8+ 1-0

[Event "119th Scottish Championship"]
[Site "Glasgow"]
[Date "2012.07.09"]
[Round "3"]
[White "Teterev, Vitaly"]
[Black "Orr, Mark J L"]
[Result "1-0"]
[WhiteElo "2530"]
[BlackElo "2260"]
[PlyCount "79"]
[EventDate "2012.07.07"]
[EventType "swiss"]
[EventRounds "9"]
[EventCountry "SCO"]
[Source "Chess Scotland"]
[SourceDate "2012.07.24"]

1. e4 c5 2. Nf3 g6 3. c3 d5 4. exd5 Qxd5 5. d4 Bg7 6. c4 Qd8 7. d5 e5 8. Nc3
Ne7 9. Be2 O-O 10. O-O Nf5 11. Bg5 f6 12. Bd2 Na6 13. Ne1 Nd4 14. f4 f5 15.
fxe5 Bxe5 16. Bf4 Bxf4 17. Rxf4 Qd6 18. Rf2 Bd7 19. Nc2 Nxc2 20. Qxc2 Rae8 21.
Qd2 Nc7 22. Raf1 Ne6 23. Bf3 Nd4 24. Ne2 Nxe2+ 25. Bxe2 b6 26. Bd3 Qe5 27. Rb1
a5 28. a3 Qd4 29. Bf1 Qe3 30. b4 Qxa3 31. Rf3 Qa4 32. bxc5 bxc5 33. Qf4 Qc2 34.
Rb7 Rf7 35. Qd6 Ree7 36. Qxc5 Qe4 37. Qxa5 g5 38. d6 Re6 39. Qd8+ Re8 40. Qxg5+
{Scoresheet unreadable} 1-0

[Event "119th Scottish Championship"]
[Site "Glasgow"]
[Date "2012.07.09"]
[Round "3"]
[White "Kleboe, Jim PR"]
[Black "Mirza, Gabriel"]
[Result "1-0"]
[WhiteElo "1866"]
[BlackElo "1772"]
[PlyCount "125"]
[EventDate "2012.07.07"]
[EventType "swiss"]
[EventRounds "9"]
[EventCountry "SCO"]
[Source "Chess Scotland"]
[SourceDate "2012.07.24"]

1. e4 Nc6 2. d4 e5 3. d5 Nce7 4. c4 Ng6 5. Nc3 Bc5 6. Nf3 N8e7 7. a3 d6 8. b4
Bb6 9. Na4 O-O 10. Nxb6 axb6 11. h4 Bg4 12. h5 Nh8 13. Be2 Bxf3 14. Bxf3 f5 15.
Bg5 Qd7 16. Bxe7 Qxe7 17. Qd3 Qg5 18. Rh3 f4 19. Qe2 Nf7 20. Bg4 Kh8 21. Rc3
Nd8 22. b5 Rf6 23. a4 Nf7 24. a5 Nh6 25. Bf3 bxa5 26. b6 cxb6 27. Rb3 Qh4 28.
Kd2 Rff8 29. Rxb6 Qe7 30. Qd1 Qc7 31. Qb3 Rfb8 32. Rb1 Ra7 33. Be2 Nf7 34. Qb5
Nh6 35. Rc6 Qd7 36. Qb6 Ra6 37. Qxa6 bxa6 38. Rxb8+ Ng8 39. Rcc8 Qf7 40. Rxg8+
Qxg8 41. Rxg8+ Kxg8 42. c5 dxc5 43. Kc3 Kf7 44. Kc4 a4 45. Kxc5 a3 46. Bc4 Ke7
47. Kc6 Kd8 48. Kd6 g5 49. Kxe5 h6 50. Kf6 Kd7 51. e5 a5 52. Kf7 g4 53. e6+ Kd6
54. e7 Kc5 55. Ba2 f3 56. gxf3 Kd4 57. e8=Q Kc3 58. Qe2 a4 59. d6 Kb4 60. Qc4+
Ka5 61. Qc5+ Ka6 62. Bc4+ Kb7 63. Qc7+ 1-0